El rey de Katoren /
Jan Terlouw nació en Holanda en 1931. Estudió Física, especializándose en los usos pacíficos de la energía nuclear. En 1971 fue elegido miembro del Parlamento de su país. Actualmente, ya retirado de la política, vive en París. Sus obras para jóvenes, traducidas a veinticinco idiomas han merecido la...
Kaydedildi:
| Yazar: | |
|---|---|
| Diğer Yazarlar: | |
| Materyal Türü: | Kitap |
| Dil: | İspanyolca |
| Baskı/Yayın Bilgisi: |
Madrid, España :
SM,
1996, c1996
|
| Edisyon: | 15a edición |
| Seri Bilgileri: | (El Barco de Vapor. Serie Roja ;
12) |
| Konular: | |
| Etiketler: |
Etiket eklenmemiş, İlk siz ekleyin!
|
MARC
| LEADER | 00000nam^a2200000^a^4500 | ||
|---|---|---|---|
| 001 | 000090307 | ||
| 005 | 20250521000000.0 | ||
| 009 | 20260310092606.061 | ||
| 020 | |a 84-348-1247-9 | ||
| 037 | |a Acervo ITESO - Biblioteca | ||
| 041 | |a ESP | ||
| 082 | |a 808. 899282 |b TER | ||
| 100 | |a Terlouw, Jan |e (autor) | ||
| 245 | 1 | 3 | |a El rey de Katoren / |c J. Terlow ; il por J.J. Vayssieères ; tr. por Guillermo Solana Alonso. |
| 250 | |a 15a edición | ||
| 264 | 4 | |a Madrid, España : |b SM, |c 1996, c1996 | |
| 300 | |a 197 p. | ||
| 336 | |a texto |b txt |2 rdacontenido | ||
| 337 | |a sin mediación |b n |2 rdamedio | ||
| 338 | |a volumen |b nc |2 rdasoporte | ||
| 440 | 3 | |a (El Barco de Vapor. |p Serie Roja ; |v 12) | |
| 500 | |a Traducción de: Koning van Katoren | ||
| 520 | |a Jan Terlouw nació en Holanda en 1931. Estudió Física, especializándose en los usos pacíficos de la energía nuclear. En 1971 fue elegido miembro del Parlamento de su país. Actualmente, ya retirado de la política, vive en París. Sus obras para jóvenes, traducidas a veinticinco idiomas han merecido la Mención de Honor del Premio Andersen. De entre sus obras destacan El precipicio; El rey de Katoren, el cual obtuvo el premio al mejor libro juvenil en Austria y el Premio de Literatura Juvenil; El tío Willibrod; La carta en clave; Piort e invierno en tiempo de guerra. | ||
| 649 | |a XX | ||
| 650 | |a Cuentos Holandeses | ||
| 650 | |a Literatura Holandesa - |y Siglo XX | ||
| 650 | |a Cuentos Infantiles - |z Holanda | ||
| 650 | |a Literatura Infantil - |z Holanda | ||
| 700 | |a Vayssieères, J.J. |e (autor) | ||
| 910 | |a Fondo General | ||
| 920 | |a Impresos - Libros | ||
| 930 | |a Colección General | ||
| 940 | |a Literatura | ||
| 905 | |a 101 | ||
| 901 | |a 0500024705 |b IT1 |c LIT |u 20250521 | ||
| 902 | |a https://opac.biblio.iteso.mx/vufind/Record/000090307 | ||